Da bandiere a capitali #2 - Statistics

Statistiche generali
  • Questo quiz è stato fatto 21 volte
  • Il punteggio medio è 7 su 9
Statistiche sulle risposte
con Immagini Risposta % Corretto
Damasco
95%
Islamabad
89%
Vilnius
89%
Kuala lumpur
84%
Mogadiscio
68%
Sucre
68%
Castries
53%
Monrovia
53%
Thimpu
53%
Nessun quiz corrispondente trovato
Distribuzione punteggi
Percentuale di utenti per punteggio
Percentile per numero di risposta
I tuoi punteggi nel tempo
Non hai fatto questo quiz